| 000 | 00821cam a2200253 4500 | ||
|---|---|---|---|
| 001 | 302368 | ||
| 008 | 720713s1972 enk b 001 0 eng | ||
| 010 | _a 72182788 | ||
| 020 |
_a009110680X _a0091106818 (pbk.) |
||
| 040 |
_aDLC _cCUZ _dCUZ _beng _erda |
||
| 050 | 0 | 0 |
_aJN318 _bBAK |
| 100 | 1 |
_aBaker, R. J. S. _q(Richard John Stenson) |
|
| 245 | 1 | 0 |
_aAdministrative theory and public administration _c[by] R. J. S. Baker. |
| 264 |
_aLondon: _bHutchinson and Co. (Publishers) Ltd., _c1972. |
||
| 300 |
_a208 pages. _c23 cm. |
||
| 336 |
_atext _btxt |
||
| 337 |
_aunmediated _bn |
||
| 338 | _2rdacarrier | ||
| 490 | 0 | _aHutchinson university library: Politics | |
| 650 | 0 | _aPublic administration. | |
| 651 | 0 | _aGreat Britain | |
| 942 | _cOS | ||
| 999 |
_c44851 _d44851 |
||